| 000 | 00776aam a2200289 i 4500 | ||
|---|---|---|---|
| 001 | 768714001 | ||
| 003 | CO-MdFUSB | ||
| 005 | 20250908122949.0 | ||
| 007 | ta | ||
| 008 | 250908t1945 -us |||| |||| 00| 0 eng d | ||
| 040 | _cCO-MdFUSB | ||
| 041 | 0 | _aeng | |
| 082 | 0 | 4 |
_223 _a250.9 _bL745m |
| 100 | 1 |
_aLindhorst, Frank A. _eautor |
|
| 245 | 1 | 4 |
_aThe minister teaches religion _c/ Frank A. Lindhorst |
| 264 | 1 |
_bAbingdon Cokesbury Press, _aNew York, USA : _c[1945] |
|
| 264 | 4 | _c©1945 | |
| 300 | _a125 páginas | ||
| 336 |
_atexto _btxt _2rdacontent |
||
| 337 |
_2rdamedia _asin mediación _bn |
||
| 338 |
_2rdacarrier _avolumen _bnc |
||
| 563 | _aPasta dura | ||
| 650 | 7 |
_aEducación cristiana _9349 |
|
| 942 | _cBK | ||
| 945 | _aJTF-925 | ||
| 999 |
_c36357 _d36357 |
||